000 00818nam a2200205 a 4500
005 20140412111309.0
008 010327s19uu xx 00 eng d
020 _a0-8118-1078-X
050 _aTR(PS E
_bC 1990
100 _aHubbard, Woodleigh
245 _aC is for curious / 2 if for dancing :
_ban A B C of feelings / a 1 2 3 of actions /
_cby Woodleigh Hubbard.
260 _aSan Francisco :
_bChronicle Books,
_c1990.
300 _a64p. ; ill. ; 25.4x24.4.cm
520 _aPresents an alphabet of emotions, from angry to zealous./A counting book introducing different types of actions, from one unicorn dreaming to ten dogs riding a bicycle.
650 _aEmotions - Juvenile literature
650 _aAlphabet - Juvenile literature
650 _aCounting
650 _aAnimals - Fiction
999 _c103872
_d103872